000 00784nam a2200229 a 4500
001 000008922
005 20240412074208.0
008 090921s2000 dr 000 p spa d
020 _a9993401366
040 _aDO-SdBNP
_bspa
_cBNPHU
082 _aRD861.5
_bH557ci
100 1 _aHernández, Jonathan,
_d1983-
_923490
245 1 0 _aCiento cuarenta y cuatro mil lunas /
_cJonathan Hernández ; prólogo Nexcy Dʻ León ; presentación Yolanda Santana.
260 _aSanto Domingo :
_bCentenario,
_c2000.
300 _a111 p. ;
_c22 cm.
590 _aInventariado, 2018/LP
650 0 _aPoesía dominicana
_966
650 0 _aLiteratura dominicana.
_967
700 1 _aDʻ León, Nexcy,
_epról.
_923491
700 1 _aSantana, Yolanda
_923492
910 _aValidado. Control de calidad BNPHU
999 _c8688
_d8688